000 00982nam a22002655a 4500
005 20160110121039.0
008 150629s2013 ii a frb 001 0 eng d
020 _a9789350902769
040 _aEG-ScBUE
_beng
_dEG-ScBUE
_dEG-ScBUE
082 0 4 _a612.015
_bSHA
_222
100 1 _aShankara, Shivaraja.
_938991
245 1 0 _aLaboratory manual for practical biochemistry /
_cShivara shankara ; co-authors Ganesh M. K., Shivashankara A. R.
250 _a2nd ed.
260 _aNew Delhi :
_bJaypee brothers medical publishers (p) LTD,
_c2013.
300 _axvi, 164 p. :
_bill. ;
_c24 cm.
500 _aIndex : p. 158-164.
504 _aIncludes bibliographical references.
650 0 _aBiochemistry
_vHandbooks, manuals, etc.
_2BUEsh
650 0 _aClinical biochemistry
_vHandbooks, manuals, etc.
_2BUEsh
651 _2BUEsh
653 _bENGGEN
_cJune2015
_cJanuary2016
700 1 _aM. K., Ganesh,
_econtributor.
700 1 _aA. R., Shivashankara,
_econtributor.
942 _2ddc
999 _c20062
_d20034